00000000cam 2200000zi 4500
0019.960579
003CaOODSP
00520260515134005
006m     o  d f      
007cr cn ||||||||
008260304e202604  oncd    ob   f000 0 eng d
020 |a9780660987729
040 |aCaOODSP|beng|erda|cCaOODSP
043 |an-cn---
0861 |aFs70-6/2026-013E-PDF
24500|aNortheastern Gulf of St. Lawrence (4RSw) Atlantic herring (Clupea harengus) stock assessment in 2024.
24637|a4RSw Atlantic herring stock assessment in 2024
264 1|aOttawa : |bCanadian Science Advisory Secretariat, |cApril 2026.
264 4|c©2026
300 |a1 online resource (11 pages) : |bgraphs.
336 |atext|btxt|2rdacontent
337 |acomputer|bc|2rdamedia
338 |aonline resource|bcr|2rdacarrier
4901 |aScience advisory report, |x1919-5087 ; |v2026/013
500 |aIssued also in French under title: Évaluation des stocks de harengs de l'Atlantique (Clupea harengus) du nord-est du golfe du Saint-Laurent (4RSw) en 2024.
504 |aIncludes bibliographical references (pages 9-10).
650 0|aAtlantic herring|zSaint Lawrence, Gulf of.
650 0|aAtlantic herring fisheries|zSaint Lawrence, Gulf of.
650 0|aFish stock assessment|zSaint Lawrence, Gulf of.
7102 |aCanadian Science Advisory Secretariat, |eissuing body.
7101 |aCanada. |bDepartment of Fisheries and Oceans. |bQuebec Region, |eissuing body.
77508|tÉvaluation des stocks de harengs de l'Atlantique (Clupea harengus) du nord-est du golfe du Saint-Laurent (4RSw) en 2024.|w(CaOODSP)9.960578
830#0|aScience advisory report (Canadian Science Advisory Secretariat)|x1919-5087 ; |v2026/013.|w(CaOODSP)9.506226
85640|qPDF|s584 KB|uhttps://publications.gc.ca/collections/collection_2026/mpo-dfo/fs70-6/Fs70-6-2026-013-eng.pdf